00374pab a2200133 454500008004000000100002500040245007000065260000900135300001300144362001100157650002700168650001100195773003400206180718b2012 xxu||||| |||| 00| 0 eng d aMishra, Dinesh Kumar aRiver interlinking: Resuscitating a failed idea: Notes from Bihar c2012 ap.48-51. a21 Apr aRivers - India - Bihar aRivers aEconomic and Political Weekly